000 00395nam a2200169Ia 4500
003 OSt
005 20240226114730.0
008 170619s9999 xx 000 0 und d
020 _a9789380026176
040 _cIIMT ENGINEERING COLLEGE
100 _aPRADEEP BHATIA K
245 0 _aCOMPUTER GRAPHICS
260 _bI.K. INTERNATIONAL
260 _c2009
546 _aENGLISH
942 _2ddc
_c01
999 _c19424
_d19424